00474nam a2200181 a 4500001001300000003000900013005001700022008004100039020002300080082001600103100002100119245003400140260003200174300000900206500003500215650002100250700002100271nice12345678IN_TiNIC20260116014048.0100326s1984 chia grp 000 0 eng  a9780802407061c75000a230.66bPET aPeters, W George aBiblical Theology of Missions aChicagobMoody Press c1984 a368p aincludes index and biblioraphy aTheology-Mission1 aPeters, W George